Frontline years: selected articles (Record no. 7357)

MARC details
000 -LEADER
fixed length control field 00461nam a2200157Ia 4500
020 ## - INTERNATIONAL STANDARD BOOK NUMBER
ISBN 9788187496939
082 ## - DEWEY DECIMAL CLASSIFICATION NUMBER
Classification number 320.954 NAM-F
100 ## - MAIN ENTRY--AUTHOR NAME
Personal name Namboodiripad, E.M.S.
245 #0 - TITLE STATEMENT
Title Frontline years: selected articles
260 ## - PUBLICATION, DISTRIBUTION, ETC. (IMPRINT)
Place of publication New Delhi
Name of publisher LeftWord Books
Year of publication 2010
300 ## - PHYSICAL DESCRIPTION
Number of Pages 236
650 ## - SUBJECT ADDED ENTRY--TOPICAL TERM
Topical Term Socialism
Form subdivision India
-- History
Geographic subdivision 20th century
650 ## - SUBJECT ADDED ENTRY--TOPICAL TERM
Topical Term India
Form subdivision Politics and government
Geographic subdivision 20th century
650 ## - SUBJECT ADDED ENTRY--TOPICAL TERM
Topical Term India
Form subdivision Social conditions
Geographic subdivision 20th century
942 ## - ADDED ENTRY ELEMENTS (KOHA)
Koha item type Books
Holdings
Withdrawn status Lost status Damaged status Not for loan Home library Current library Date acquired Source of acquisition Bill Date Full call number Accession Number Price effective from Koha item type
        NASSDOC Library NASSDOC Library 27/07/2010 IBD 2010-06-28 320.954 NAM-F 46491 18/04/2019 Books